Süßigkeiten aus der Kindheit - Statistiken

Allgemein
  • Dieses Quiz wurde 469 mal gespielt
    467 seit der letzten Aktualisierung
  • Das Durchschnittsergebnis liegt bei 15 aus 24
Antwortstatistiken
Bildquiz Antwort % Korrekt
KitKat
99%
Mars
98%
Snickers
98%
Twix
98%
Die Schlümpfe
95%
Haribo Cola
89%
TicTac
87%
Center Shock
80%
Ahoi Brause
79%
Milch Mäuse
77%
Chupa Chups
68%
Ufo‘s
66%
Hubba Bubba
65%
Maoam Kracher
65%
Jumpys
56%
Puffreis
55%
Leckmuscheln
51%
Crazy Dip
41%
Haribo Kirsche Cola
38%
Flic n lic
29%
Liebesperlen
20%
Double Dip
8%
Haribo Lasso
7%
Candy Necklace
4%
Keine übereinstimmenden Quizze gefunden
Verteilung der Resultate
Anzahl Personen mit jedem Resultat
Perzentil nach korrekt beantworteten Fragen
Ihre Resultats-Entwicklung
Sie haben dieses Quiz seit der letzten Aktualisierung nicht gespielt